| 000 | 01109nam a2200277 a 4500 | ||
|---|---|---|---|
| 001 | 66199 | ||
| 003 | BD-RjUL | ||
| 005 | 20211209081518.0 | ||
| 008 | 170314s1998 bg |||| |||| 000 0 ben d | ||
| 020 |
_a9840737813 _c: Tk. 60.00 |
||
| 035 | _a(BD-RjUL)66329 | ||
| 040 |
_aBD-RjUL _bben _cBD-RjUL _dBD-RjUL |
||
| 041 | _aben | ||
| 082 |
_223 _a954.0072024092 _bMAJ 1998 |
||
| 100 | 1 |
_aমঞ্জুর, নূরুল ইসলাম _9195902 |
|
| 245 | 1 | 0 |
_aযদুনাথ সরকার ১৮৭০-১৯৫৮ / _cনূরুল ইসলাম মঞ্জুর |
| 260 |
_aঢাকা : _bবাংলা একাডেমী, _c১৯৯৮ [১৪০৫] |
||
| 300 |
_a১৩১ পৃ. ; _c২১ সেমি. |
||
| 490 | _aবাএ ৩৭৭২ | ||
| 600 |
_aসরকার, যদুনাথ _d১৮৭০-১৯৫৮ _9202639 |
||
| 600 |
_aSarkar, Jadunath _d1870-1958 _9202640 |
||
| 650 |
_aইতিহাসবিদ _xজীবনী _zভারত _9195904 |
||
| 650 |
_aHistorians _xBiography _zIndia _9195905 |
||
| 830 |
_aবাএ ৩৭৭২ _9202641 |
||
| 942 |
_2ddc _cBK |
||
| 999 |
_c66199 _d66199 |
||